000 00571nam a2200205Ia 4500
003 OSt
005 20220928133235.0
006 a|||||r|||| 00| 0
007 ta
008 220927b |||||||| |||| 00| 0 eng d
024 _a39326
037 _cReference Collections
040 _aSDCL
_cSDCL
_beng
041 _2eng
_aeng
082 _aL:423k, N4.1-.3 RR
245 0 _aENCYCLOPEDIA OF virology.3V.
260 _aLondon
_bAcademic Press
_c1994
942 _hL:423k, N4.1-.3 RR
_cREF
_2CC
999 _c798472
_d798472